| 000 | 00592cam a22002052 4500 | ||
|---|---|---|---|
| 001 | 0000024304 | ||
| 005 | 20151217152258.0 | ||
| 008 | 130628s xx 000 0 eng d | ||
| 020 | _a9966882730 : | ||
| 040 |
_aKABU _cKABU |
||
| 100 | 1 |
_aWamitila, K. W. _@0000179484 |
|
| 245 | 1 | 0 |
_aKichocheo cha fasihi : _bsimulizi na andisi / _cK. W. Wamitila. |
| 250 | _a1st ed. | ||
| 260 |
_aNairobi : _bFocus, _c2004. |
||
| 300 | _ax, 264 p. | ||
| 650 | 0 |
_aSwahili literature. _@0000178735 |
|
| 852 | 1 | _9p430 KES | |
| 908 | _a130628 | ||
| 950 | _@1 | ||
| 999 |
_c10212 _d10212 |
||